40 anni in movimento, 1975-2015 : Un viaggio nella storia della militanza gay

Đã lưu trong:
Chi tiết về thư mục
Tác giả chính: Cossolo, Felix
Tác giả khác: Mazzilli, Lucia (a cura di)
Định dạng: Sách
Ngôn ngữ:Tiếng Anh
Được phát hành: Milano Associazione Gay Street 2015
Các nhãn: Thêm thẻ
Không có thẻ, Là người đầu tiên thẻ bản ghi này!

MARC

LEADER 00000nam a2200000 4500
005 20240118195812.0
008 231119b |||||||| |||| 00| 0 eng d
040 |c C 
100 |a Cossolo, Felix 
245 |a 40 anni in movimento, 1975-2015  |b : Un viaggio nella storia della militanza gay 
260 |a Milano  |b Associazione Gay Street  |c 2015 
700 |a Mazzilli, Lucia  |c (a cura di) 
942 |2 ddc  |c BK  |n 0 
952 |0 0  |1 0  |2 ddc  |4 0  |6 306_766209200000000_COS_QUA  |7 1  |9 281  |a GE  |b GE  |d 2023-11-13  |l 0  |o 306.7662092 COS QUA  |p 4011  |r 2023-11-19 22:23:50  |w 2023-11-19  |y BK  |z Con dedica dell'autore 
952 |0 0  |1 0  |2 ddc  |4 0  |6 306_766209200000000_COS_QUA  |7 1  |9 293  |a GE  |b GE  |d 2023-11-20  |l 0  |o 306.7662092 COS QUA  |p 4012  |r 2023-11-21 23:56:53  |w 2023-11-19  |y BK 
952 |0 0  |1 0  |2 ddc  |4 0  |6 306_766209200000000_COS_QUA  |7 1  |9 294  |a GE  |b GE  |d 2023-11-20  |l 0  |o 306.7662092 COS QUA  |p 4013  |r 2023-11-21 23:56:53  |w 2023-11-19  |y BK 
952 |0 0  |1 0  |2 ddc  |4 0  |6 306_766209200000000_COS_QUA  |7 1  |9 295  |a GE  |b GE  |d 2023-11-20  |l 0  |o 306.7662092 COS QUA  |p 4014  |r 2023-11-21 23:56:53  |w 2023-11-19  |y BK 
952 |0 0  |1 0  |2 ddc  |4 0  |6 306_766209200000000_COS_QUA  |7 1  |9 296  |a SV  |b SV  |d 2023-11-20  |l 0  |o 306.7662092 COS QUA  |p 4015  |r 2023-11-21 23:56:00  |w 2023-11-19  |y BK 
952 |0 0  |1 0  |2 ddc  |4 0  |6 306_766209200000000_COS_QUA  |7 1  |9 9631  |a GE  |b GE  |d 2023-11-20  |l 0  |o 306.7662092 COS QUA  |p 2070  |r 2025-09-23 16:26:48  |w 2023-11-19  |y BK  |z Fondo Giovanni Delfino 
999 |c 208  |d 208